000 00487cab a2200205 4500
001 X693
008 090401t1993 xxu||||| |||| 00| 0 eng d
035 _a(Sirsi) u67070
041 _aeng
245 _aTax on woodlands
260 _c1993
350 _a0
490 _aCS Monthly : Rural Practice
_v2(8) May 1993, 5(1)
650 _aBUSINESS PROPERTY RELIEFS
650 _aPOSTPONEMENT RELIEF
650 _aWOODLANDS
690 _aTAXATION
942 _n0
948 _c04/03/1997
999 _c41950
_d41950